Українська правда (Запис № 410406)

МАРК-запис
000 -Лідер
fixed length control field 00642cas a22002297a 4500
001 - Контрольний номер
control field 136804
003 - Ідентифікатор контрольного номера
control field UA-OsUOA
005 - Дата та час останнього входження (трансакції)
control field 20211008144726.0
007 - Фіксоване поле фізичного опису
fixed length control field ta
008 - Елементи даних фіксованої довжини – загальна інформація
fixed length control field 201904c n ||un ||n| 00| 0 ukr dukr
040 ## - Джерело каталогізації
Агенція оригінальної каталогізації UA-OsUOA
Мова каталогізації ukr
Агенція, яка здійснювала перезапис UA-OsUOA
Агенція, яка здійснювала модифікацію UA-OsUOA
041 ## - Код мови
Код мови тексту/ звукової доріжки чи окремого заголовка (П) ukr
080 ## - Індекс Універсальної десяткової класифікації
Індекс Універсальної десяткової класифікації (УДК) (НП) 32
090 ## - Локальний шифр розміщення
Авторський знак (НП) У45
Класифікаційний індекс УДК 32
245 ## - Відомості про назву
Назва (НП) Українська правда
Дані про відповідальність (НП) заснована Георгієм Гонгадзе у 2000 році
260 ## - Публікація, розповсюдження і т.п. (Вихідні дані)
Місце публікації, розповсюдження і т.п. (П) К.
650 #7 - Додаткове предметне введення – тематичний термін
Джерело заголовка чи терміна UDC
Географічний підрозділ 32 Політика
856 40 - Електронне місцезнаходження та доступ
Уніфікований ідентифікатор ресурсу (П) https://www.pravda.com.ua/
942 ## - Додаткові елементи входу (Коха)
Тип елемента Koha Газета
Source of classification or shelving scheme Universal Decimal Classification
955 ## - Код типу видання за змістом
Код типу видання за змістом (НП) інше

Немає доступних примірників.